APEC Schools

Sisiw si Balagtas! : (Record no. 6938)

000 -LEADER
fixed length control field nam a22 7a 4500
005 - DATE AND TIME OF LATEST TRANSACTION
control field 20190121053308.0
008 - FIXED-LENGTH DATA ELEMENTS--GENERAL INFORMATION
fixed length control field 190121b xxu||||| |||| 00| 0 eng d
020 ## - IDENTIFIER FOR THE MANIFESTATION
Identifier for the Manifestation 9789712722974
Binding paperback
040 ## - CATALOGING SOURCE
Language of Cataloging eng
Transcribing Agency APEC Schools Library
Description Conventions rda
082 ## - DEWEY DECIMAL CLASSIFICATION NUMBER
Classification number F 899.21
Author's Number V711s 2009
100 ## - CREATOR
Preferred Name of the Person Villanueva, Rene O.
245 ## - TITLE AND STATEMENT OF RESPONSIBILITY
Preferred Title Proper Sisiw si Balagtas! :
Remainder of Title at iba pang dulang pang0high school
Statement of Responsibility/Parallel Statement of Responsibility Rene O. Villanueva
264 ## - PUBLICATION STATEMENT
Place of publication, distribution, etc Pasig City :
Publisher's Name/Parallel Publisher's Name Anvil Publishing, Inc.,
Copyright ©2009.
Date of Publication 2009.
300 ## - PHYSICAL DESCRIPTION
Extent xv, 162 pages ;
Dimensions 22 cm.
336 ## - RDA CONTENT
Source rdacontent
Content Type text
337 ## - RDA MEDIA
Source rdamedia
Media Type unmediated
338 ## - RDA CARRIER
Source rdacarrier
Carrier Type volume
650 ## - ADDED SUBJECT ACCESS POINT - TOPICAL TERM
Topical Term Tagalog drama
942 ## - ADDED ENTRY ELEMENTS (KOHA)
Source of Classification
Koha Item Type Books
Holdings
Library Site Location Shelving Location Source of Acquisition Full Classification Number Accession Number Koha Item Type
APEC Bacoor Library APEC Bacoor Library Filipiniana Institutional Fund F 899.21 V711s 2009 B04-0000178 Non Fiction
APEC Calumpang Library APEC Calumpang Library Filipiniana Institutional Fund F 899.21 V711s 2009 B10-0000208 Non Fiction
APEC Dasmarinas Library APEC Dasmarinas Library Filipiniana Institutional Fund F 899.21 V711s 2009 B03-0000202 Non Fiction
APEC España Library APEC España Library Filipiniana Institutional Fund F 899.21 V711s 2009 B11-0000164 Non Fiction
APEC Grace Park West Library APEC Grace Park West Library Filipiniana Institutional Fund F 899.21 V711s 2009 A09-0000165 Non Fiction
APEC JRU Lipa Library APEC JRU Lipa Library Filipiniana Institutional Fund F 899.21 V711s 2009 B12-0000204 Non Fiction
APEC Marikina Heights Library APEC Marikina Heights Library Filipiniana Institutional Fund F 899.21 V711s 2009 A08-0000197 Non Fiction
APEC Concepcion Dos Library APEC Marikina Heights Library Filipiniana Institutional Fund F 899.21 V711s 2009 C02-0000204 Non Fiction
APEC Muntinlupa Library APEC Muntinlupa Library Filipiniana Institutional Fund F 899.21 V711s 2009 B01-0000288 Non Fiction
APEC New Manila Library APEC New Manila Library Filipiniana Institutional Fund F 899.21 V711s 2009 C03-0000205 Non Fiction
APEC North Fairview Library APEC North Fairview Library Filipiniana Institutional Fund F 899.21 V711s 2009 A04-0000142 Non Fiction
APEC Ortigas Extension, Cainta Library APEC Ortigas Extension, Cainta Library Filipiniana Institutional Fund F 899.21 V711s 2009 B09-0000198 Non Fiction
APEC Roxas Boulevard Library APEC Roxas Boulevard Library Filipiniana Institutional Fund F 899.21 V711s 2009 B06-0000168 Non Fiction
APEC Silangan, Pateros Library APEC Silangan, Pateros Library Filipiniana Institutional Fund F 899.21 V711s 2009 B07-0000183 Non Fiction
APEC Sta. Rita Library APEC Sta. Rita Library Filipiniana Institutional Fund F 899.21 V711s 2009 B02-0000202 Non Fiction
APEC Sta. Rita Library APEC Sta. Rita Library Filipiniana Institutional Fund F 899.21 V711s 2009 B02-0000224 Non Fiction
APEC Taytay Library APEC Taytay Library Filipiniana Institutional Fund F 899.21 V711s 2009 B08-0000174 Non Fiction
APEC Tondo Library APEC Tondo Library Filipiniana Institutional Fund F 899.21 V711s 2009 A10-0000126 Non Fiction
APEC V. Luna Library APEC V. Luna Library Filipiniana Institutional Fund F 899.21 V711s 2009 A01-0000148 Non Fiction

Powered by Koha